000 01008cam a2200325 i 4500
001 4155440
003 OSt
005 20230704110826.0
008 780615s1978 mau 001 0 eng
010 _a 78016473
020 _z0316586944
040 _aDLC
_cDLC
_dDLC
043 _an-us---
050 0 0 _aJZ4997.5.U6
_bM69 1978
082 0 0 _a341.23
_bMOY
100 1 _aMoynihan, Daniel P.
_q(Daniel Patrick),
_d1927-2003.
245 1 2 _aA dangerous place /
_cby Daniel Patrick Moynihan, with Suzanne Weaver.
250 _a1st ed.
260 _aBoston :
_bLittle, Brown,
_cc1978.
300 _ax, 297 p. ;
_c25 cm.
500 _a"An Atlantic Monthly Press book."
500 _aIncludes index.
610 2 0 _aUnited Nations
_zUnited States.
650 0 _aWorld politics
_y1975-1985.
651 0 _aUnited States
_xForeign relations
_y1974-1977.
700 1 _aWeaver, Suzanne,
_ejoint author.
906 _a7
_bcbc
_corignew
_d1
_eocip
_f19
_gy-gencatlg
942 _2ddc
_cBK
999 _c3718
_d3718